| 000 | 00555nam a2200181Ia 4500 | ||
|---|---|---|---|
| 008 | 090630s9999 xx 000 0 und d | ||
| 082 | _b11549 | ||
| 100 | _aकाशीकर एस. एम. | ||
| 245 |
_aभूतनाग. _cकाशीकर एस. एम. |
||
| 260 |
_bवसंत बुक. _c1992 |
||
| 300 | _a207 | ||
| 600 | _aकाशीकर एस. एम. | ||
| 630 | _aभूतनाग. | ||
| 655 | _aकादंबरी. | ||
| 700 | _aकाशीकर एस. एम. | ||
| 730 | _aभूतनाग. | ||
| 942 | _cBOOK | ||
| 999 |
_c263405 _d263405 |
||